[Event "ROM-ch U16 Girls"]
[Site "Eforie Nord"]
[Date "2022.04.14"]
[Round "5"]
[White "Hoanca, Alexia Ioana"]
[Black "Boureanu, Bianca Alina"]
[Result "0-1"]
[WhiteElo "1857"]
[BlackElo "1416"]
[PlyCount "58"]
[EventDate "2022.04.11"]
[EventType "swiss"]
[EventRounds "9"]
[EventCountry "ROU"]
[SourceTitle "EXT 2023"]
[Source "ChessBase"]
[SourceDate "2022.10.05"]
[SourceVersion "1"]
[SourceVersionDate "2022.10.05"]
[SourceQuality "1"]

1. e4 c5 2. Nf3 d6 3. Bb5+ Bd7 4. Bxd7+ Nxd7 5. 0-0 g6 6. c3 Bg7 7. d4 Ngf6 8. e5 Ne4 9. Re1 d5 10. Nbd2 Nxd2 11. Bxd2 cxd4 12. cxd4 e6 13. Rc1 Rc8 14. Qa4 Ra8 15. Bb4 a6 16. Bd6 Bf8 17. Rc7 b5 18. Qb4 Qxc7 19. Ng5 Rc8 20. Qd2 Qc2 21. Qe3 h6 22. Nf3 Qxb2 23. Qf4 Rc2 24. Rf1 Qxa2 25. Ne1 Re2 26. Nd3 Re4 27. Qc1 Qc4 28. Qd1 Rxd4 29. Nb2 Rxd1 0-1

[Event "ROM-ch U10 Girls"]
[Site "Baile Felix"]
[Date "2017.02.05"]
[Round "5"]
[White "Boureanu, Bianca Alina"]
[Black "Ciocan, Ariana Roxana"]
[Result "0-1"]
[WhiteElo "1080"]
[BlackElo "1374"]
[PlyCount "54"]
[EventDate "2017.02.02"]
[EventType "swiss"]
[EventRounds "9"]
[EventCountry "ROU"]
[SourceTitle "CBM 176 Extra"]
[Source "ChessBase"]
[SourceDate "2017.03.02"]
[SourceVersion "1"]
[SourceVersionDate "2017.03.02"]
[SourceQuality "1"]

1. d4 d5 2. Nf3 Nf6 3. e3 e6 4. Bd3 Nbd7 5. b3 b6 6. Bb2 Bd6 7. Nbd2 0-0 8. Ne5 Bb7 9. f4 Ne4 10. 0-0 f5 11. Rf3 Ndf6 12. Bxe4 Nxe4 13. Nxe4 dxe4 14. Rh3 Rf6 15. d5 exd5 16. Nc6 Bxc6 17. Bxf6 Qxf6 18. Rb1 Qg6 19. c4 dxc4 20. bxc4 Qf7 21. Rg3 Qxc4 22. Rc1 Qd3 23. Qh5 Qd2 24. h3 Qxc1+ 25. Kh2 Rf8 26. Qh6 Qc3 27. Qe6+ Kh8 0-1

[Event "ROM-ch U10 Girls"]
[Site "Calimanesti Caciulata"]
[Date "2016.04.25"]
[Round "9"]
[White "Mazilu, Xenia"]
[Black "Boureanu, Bianca Alina"]
[Result "0-1"]
[WhiteElo "1258"]
[BlackElo "1052"]
[PlyCount "80"]
[EventDate "2016.04.18"]
[EventType "swiss"]
[EventRounds "9"]
[EventCountry "ROU"]
[SourceTitle "EXT 2017"]
[Source "ChessBase"]
[SourceDate "2016.10.25"]
[SourceVersion "1"]
[SourceVersionDate "2016.10.25"]
[SourceQuality "1"]

1. e4 c5 2. Nc3 d6 3. f4 Nc6 4. Bb5 e5 5. fxe5 dxe5 6. Nf3 Bg4 7. Bxc6+ bxc6 8. d3 Be7 9. Na4 Bh4+ 10. g3 Be7 11. c4 Bxf3 12. Qxf3 Qa5+ 13. Nc3 Nf6 14. Be3 0-0 15. Qf2 Rab8 16. 0-0 Ng4 17. Qf3 Nxe3 18. Qxe3 Rxb2 19. Qc1 Rbb8 20. Qc2 Bg5 21. Rab1 Qc7 22. Qa4 Qd7 23. Rxb8 Rxb8 24. Rf5 Bf6 25. Nd5 Rb1+ 26. Kg2 Qd6 27. Nc3 Rb7 28. g4 g6 29. Rf1 Rb2+ 30. Rf2 Rxf2+ 31. Kxf2 Qd4+ 32. Ke2 Qxc3 33. Qxc6 Qc2+ 34. Ke3 Bg5+ 35. Kf3 Qxd3+ 36. Kg2 Qe2+ 37. Kg3 Qd3+ 38. Kg2 Qe2+ 39. Kg3 Bf4+ 40. Kh3 Qxh2# 0-1

[Event "ROM-ch U10 Girls"]
[Site "Calimanesti Caciulata"]
[Date "2016.04.23"]
[Round "7"]
[White "Pap, Blanca Maria"]
[Black "Boureanu, Bianca Alina"]
[Result "0-1"]
[WhiteElo "1227"]
[BlackElo "1052"]
[PlyCount "22"]
[EventDate "2016.04.18"]
[EventType "swiss"]
[EventRounds "9"]
[EventCountry "ROU"]
[SourceTitle "CBM 172 Extra"]
[Source "ChessBase"]
[SourceDate "2016.06.21"]
[SourceVersion "1"]
[SourceVersionDate "2016.06.21"]
[SourceQuality "1"]

1. e4 c5 2. c4 d6 3. Nc3 Nf6 4. g3 Nc6 5. Bg2 Be6 6. d3 g6 7. Nge2 Bg7 8. 0-0 0-0 9. Be3 Ng4 10. Qd2 Nxe3 11. Qxe3 Nd4 0-1

[Event "ROM-ch U10 Girls"]
[Site "Calimanesti Caciulata"]
[Date "2016.04.21"]
[Round "5"]
[White "Chicarosie, Ioana Bianca"]
[Black "Boureanu, Bianca Alina"]
[Result "1-0"]
[WhiteElo "1279"]
[BlackElo "1052"]
[PlyCount "121"]
[EventDate "2016.04.18"]
[EventType "swiss"]
[EventRounds "9"]
[EventCountry "ROU"]
[SourceTitle "CBM 172 Extra"]
[Source "ChessBase"]
[SourceDate "2016.06.21"]
[SourceVersion "1"]
[SourceVersionDate "2016.06.21"]
[SourceQuality "1"]

1. e4 e5 2. Nf3 Nc6 3. Bc4 Nf6 4. Ng5 d5 5. exd5 Nxd5 6. Nxf7 Kxf7 7. Qf3+ Ke8 8. Qxd5 Qxd5 9. Bxd5 Ne7 10. Nc3 c6 11. Bb3 Bd7 12. 0-0 h6 13. Ne4 Nf5 14. d3 Be7 15. Be3 b6 16. Ng3 Nxe3 17. fxe3 Rf8 18. Rxf8+ Bxf8 19. Rf1 Bc5 20. Re1 Kd8 21. c3 Kc7 22. Ne4 Be7 23. d4 exd4 24. exd4 Bh4 25. g3 Be7 26. Rf1 Rf8 27. Rxf8 Bxf8 28. d5 c5 29. c4 Bg4 30. Nd2 Be7 31. h4 Bf6 32. Kf2 Bd4+ 33. Ke1 Bxb2 34. Bd1 Bh3 35. Kf2 Kd6 36. a4 Bf5 37. Ke3 Bd4+ 38. Kf4 g6 39. g4 Bd3 40. Ne4+ Kc7 41. Bb3 Bxe4 42. Kxe4 Kd6 43. h5 g5 44. Kf5 Bg7 45. Kg6 Bf8 46. Kf7 Be7 47. Bc2 a6 48. a5 bxa5 49. Kg6 Bf8 50. Kf5 Kc7 51. Ke6 Bd6 52. Kf7 Kb6 53. Ba4 Kc7 54. Kg7 Bf4 55. Kxh6 Kd6 56. Kg6 Be3 57. h6 Bd4 58. Kxg5 Ke7 59. Kh5 Be5 60. g5 Kf7 61. g6+ 1-0

[Event "ROM-ch U10 Girls"]
[Site "Calimanesti Caciulata"]
[Date "2016.04.20"]
[Round "3"]
[White "Trofin, Daria"]
[Black "Boureanu, Bianca Alina"]
[Result "0-1"]
[WhiteElo "1110"]
[BlackElo "1052"]
[PlyCount "94"]
[EventDate "2016.04.18"]
[EventType "swiss"]
[EventRounds "9"]
[EventCountry "ROU"]
[SourceTitle "CBM 172 Extra"]
[Source "ChessBase"]
[SourceDate "2016.06.21"]
[SourceVersion "1"]
[SourceVersionDate "2016.06.21"]
[SourceQuality "1"]

1. d4 d5 2. c4 c6 3. Nc3 Nf6 4. cxd5 Nxd5 5. e4 Nxc3 6. bxc3 Be6 7. Bf4 Na6 8. Nf3 Bg4 9. Bd3 e6 10. h3 Bxf3 11. Qxf3 Be7 12. 0-0 0-0 13. Qe2 Nc7 14. Rab1 Rb8 15. Rb3 Bd6 16. Bxd6 Qxd6 17. e5 Qd5 18. Be4 Qd7 19. Qd3 g6 20. Rfb1 b6 21. Qc4 b5 22. Qxc6 Qxc6 23. Bxc6 a6 24. c4 Rb6 25. Be4 Rfb8 26. Kf1 Kg7 27. Ke2 f6 28. Bd3 fxe5 29. dxe5 Kh6 30. a4 b4 31. Rxb4 Rxb4 32. Rxb4 Rxb4 33. c5 Rxa4 34. c6 Ra5 35. f4 Rc5 36. Be4 Nd5 37. g4 Nxf4+ 38. Ke3 Nxh3 39. Kd4 Rc1 40. Bg2 Nf4 41. Be4 a5 42. Ke3 Nd5+ 43. Bxd5 exd5 44. e6 Rxc6 45. e7 Re6+ 46. Kd4 Rxe7 47. Kxd5 Rb7 0-1